000 00304nam a22001337a 4500
008 171023b xxu||||| |||| 00| 0 eng d
020 _a9780716797739
041 _aeng
080 _a311
100 _a55
101 _aSTA
245 _aTHE PRACTICE OF BUSINESS STATISTICS
_cMOORE,D.S
942 _2udc
_cBK
999 _c35525
_d35525